• 首页
  • 本馆介绍
  • 公告通知
  • 最新文献
  • 馆藏检索
  • 电子资源
  • 读者导购
  • 参考咨询
  • 我的图书馆
  • 登录
  • 详细信息显示
  • 放入我的书架
  • 预约/预借图书
  • 作者相关作品
  • 分类相关作品
  • 丛书相关作品
  • 出版社相关作品

书目信息

  • 表格格式
  • 工作单格式
  • 卡片格式
题名:
高三的奇迹
    
 
作者: 血拼一年 编著
分册:  
出版信息: 北京   清华大学出版社  2019.9
页数: 11,218页
开本: 24cm
丛书名:
单 册:
中图分类: G632.474 , G632.46
科图分类:
主题词: 高考--经验 , 中学生--学习方法
电子资源:
ISBN: 978-7-302-53533-1
000 01002nam0 2200289 45
001 012001001130
005 20210922160532.91
010    @a978-7-302-53533-1@dCNY59.00
100    @a20200408d2019 em y0chiy0110 ea
101 0  @achi
102    @aCN@b110000
105    @ay z 000yy
106    @ar
200 1  @a高三的奇迹@Agao san de qi ji@e好的学习方法帮你考高分@f血拼一年编著
205    @a2版
210    @a北京@c清华大学出版社@d2019.9
215    @a11,218页@d24cm
300    @a其他题名:好的学习方法帮你考高分
330    @a本书主要讲述了学习的重要性及学习的技巧,帮助高中生改掉不良习惯、制订学习计划、击破偏科、提高学习效率,以及如何在考场上多得几分、如何安排三轮复习、如何调整考前心理、如何填报志愿、家长如何做好后勤工作等。
517 1  @a好的学习方法帮你考高分
606 0  @a高考@x经验
606 0  @a中学生@x学习方法
690    @aG632.474@v5
690    @aG632.46@v5
701  0 @a血拼一年@Axue pin yi nian@4编著
801    @aCN@bAHXH@c20210922
905    @b1247808-10@dG632.474@e1048=2@f3
    
    高三的奇迹:好的学习方法帮你考高分/血拼一年编著.-2版.-北京:清华大学出版社,2019.9
    11,218页;24cm
    其他题名:好的学习方法帮你考高分
    
    ISBN 978-7-302-53533-1:CNY59.00
    本书主要讲述了学习的重要性及学习的技巧,帮助高中生改掉不良习惯、制订学习计划、击破偏科、提高学习效率,以及如何在考场上多得几分、如何安排三轮复习、如何调整考前心理、如何填报志愿、家长如何做好后勤工作等。
●
相关链接 在E读中查询图书 在五车中查询图书 在当当中查询图书 在豆瓣中查询图书


正题名:高三的奇迹     索取号:G632.474/1048=2         预约/预借

序号 登录号 条形码 馆藏地/架位号 状态 备注
1 1247808   212478086   第一样本阅览室/ [索取号:G632.474/1048=2] 在馆    
2 1247809   212478095   第四借阅区/ [索取号:G632.474/1048=2] 在馆    
3 1247810   212478102   第四借阅区/ [索取号:G632.474/1048=2] 在馆    
唐山师范学院图书馆 欢迎您!
大连网信软件有限公司© 版权所有